Fruit Dishes from around the World - Statistics

General Stats
  • This quiz has been taken 11 times
  • The average score is 4 of 16
Answer Stats
Picture Answer % Correct
Apple pie
90%
Pavlova
60%
Sorbet
60%
Eton mess
40%
Mango Lassi
40%
Banoffee pie
30%
Summer pudding
30%
Ambrosia
20%
Clafoutis
20%
Lemon bar
20%
Tarte Tatin
20%
Churchkhela
0%
Riz Casimir
0%
Rødgrød
0%
Tufahije
0%
Turon
0%
No matching quizzes found
Score Distribution
Percent of People with Each Score
Percentile by Number Answered
Your Score History
You have not taken this quiz